000 01443naa a22003617a 4500
001 BR7405521
003 BR-BrBNA
005 20240918173629.0
007 ta
008 230509b bl.||||| |||| 00| 0 por d
040 _aBR-BrBNA
_bpor
_cBiblioteca Nacional de Agricultura
041 _a(Pt)
072 _aF00; F25
_b1950
_b1930
_b3820
090 _aF00 BR7405521
100 1 _aCarneiro, A.M.
100 1 _aCarvalho, S.R. de
100 1 _aFaria, P.F.L.
111 1 _a11. Reuniao da Sociedade Brasileira de Zootecnia
_cFortaleza, CE (Brazil)
_d22 Jul 1974
245 1 _aInfluencia de leguminosa tropical e adubacao nitrogenada na producao de pasto de capim gordura [Producao vegetal; Fertilidade do solo; Melinis minutiflora]
260 3 _aFortaleza, CE (Brasil):
_bUniversidade Federal do Ceara,
_c1974.
500 _aAnais da 11. Reuniao da Sociedade Brasileira de Zootecnia Fortaleza, CE (Brasil): Universidade Federal do Ceara, 1974. p. 307-308 (BR7405521-AM)F00
650 _aProducao vegetal
650 _aFertilidade do solo
650 _aLeguminosa forrageira
650 _aCapim gordura
650 _aFertilizante nitrogenado
650 _aConsorciacao de cultura
650 _aMateria seca
650 _aProteina
773 0 _tAnais da 11. Reuniao da Sociedade Brasileira de Zootecnia
_wF00 BR7405521
_gFortaleza, CE (Brasil), 1974. p. 307-308
909 _a202404
_bLucia
_c55
_dLucia Elande
942 _cAM
_2AGRIS
999 _c305857
_d305857